000 00530nam a2200169 4500
999 _c4256
_d4256
008 160901b xxu||||| |||| 00| 0 eng d
022 _a2094-8042
082 _aDPer 370.105 M72 Jan-Dec 2012 v. 60-61
100 _913955
_aMira, Vilma, S.
243 _a
245 _aAwaken the environmental spirit/
_cVilma, S. Mira.
260 _aPhilippines:
_bIn the Grade School, Inc.,
_c©2012.
300 _av61 n1, page 25;
_c28 cm.
500 _aThe Modern Teacher.
650 0 _913956
_aCommunity development
942 _2ddc
_cPER